Money and Credit in China : A Short History

Gardado en:
Detalles Bibliográficos
Autor Principal: Yang, Lien-sheng
Formato: Libro
Idioma:Undetermined
Publicado: Cambridge Harvard University Press 1952
Những chủ đề:
Các nhãn: Engadir etiqueta
Sen Etiquetas, Sexa o primeiro en etiquetar este rexistro!
Thư viện lưu trữ: Trung tâm Học liệu Trường Đại học Cần Thơ
LEADER 00543nam a2200193Ia 4500
001 CTU_89215
008 210402s9999 xx 000 0 und d
082 |a 332.4951 
082 |b Y21 
100 |a Yang, Lien-sheng 
245 0 |a Money and Credit in China : 
245 2 |b A Short History 
245 0 |c Lien-sheng Yang 
260 |a Cambridge 
260 |b Harvard University Press 
260 |c 1952 
650 |a Money China History,Currency question China 
904 |i Hiếu 
980 |a Trung tâm Học liệu Trường Đại học Cần Thơ